Situación del sector cafetalero

保存先:
書誌詳細
フォーマット: テキスト
主題:
タグ: タグ追加
タグなし, このレコードへの初めてのタグを付けませんか!

MARC

LEADER 00000 a a2200000 04500
001 6383
003
040
245 |a Situación del sector cafetalero  
650 |a CAFE  
650 |a AGROINDUSTRIA  
650 |a PRECIOS  
650 |a CULTIVOS INDUSTRIALES  
773 |g volumen 21, número 911; páginas 6-7  
999 |c 35195  |d 35195